| 000 | 00598nam a22002177a 4500 | ||
|---|---|---|---|
| 005 | 20260401110925.0 | ||
| 008 | 260401b |||||||| |||| 00| 0 eng d | ||
| 020 | _a9781529685091 (pbk) | ||
| 040 | _cPK-LaUMT | ||
| 082 |
_a610 _bVIS-P |
||
| 100 |
_aVisser, Richard De _910274 |
||
| 245 |
_aPsychology for medicine & healthcare / _cby Richard De Visser and Susan Ayers |
||
| 250 | _a4th ed. | ||
| 260 |
_aLondon : _bSage, _c2025 |
||
| 300 | _a618 p. | ||
| 650 |
_aMedicine and psychology _910275 |
||
| 650 | _aStress | ||
| 650 |
_aPain _94980 |
||
| 650 | _aSocial psychology | ||
| 942 | _cBK | ||
| 999 |
_c140287 _d140287 |
||